| 000 | 00691nam a2200169Ia 4500 | ||
|---|---|---|---|
| 008 | 090711s9999 xx 000 0 und d | ||
| 082 | _b49238 | ||
| 100 | _aपटवर्धन रावसाहेब | ||
| 245 | _aसतलजSाी हाक ब्रह्मपुत्रेSाी तहान | ||
| 260 | _c1984 | ||
| 300 | _a64 | ||
| 600 | _aपटवर्धन रावसाहेब | ||
| 630 | _aसतलजSाी हाक ब्रह्मपुत्रेSाी तहान | ||
| 700 | _aपटवर्धन रावसाहेब | ||
| 730 | _aसतलजSाी हाक ब्रह्मपुत्रेSाी तहान | ||
| 942 | _cBOOK | ||
| 999 |
_c293859 _d293859 |
||